000 00284nam a22001337a 4500
008 171018b xxu||||| |||| 00| 0 eng d
020 _a9781439042304
041 _aeng
080 _a338
100 _a53
101 _aMNG
245 _aSTRATEGIC MANAGEMENT
_cHITT
942 _2udc
_cBK
999 _c34539
_d34539